"Ologies" A-Z - Statistics

General Stats
  • This quiz has been taken 113 times
  • The average score is 13 of 21
Answer Stats
Ology Study of... % Correct
Z Zoology Animals
96%
C Cardiology Heart
91%
B Biology Life
88%
N Neurology Nerves
88%
M Meteorology Weather
88%
F Felinology Cats
82%
G Geology Earth
82%
O Oncology Cancer
74%
V Vulcanology Volcanoes
71%
T Thermology Heat
68%
E Epidemiology Disease
67%
R Rhinology Nose
63%
H Heliology Sun
62%
L Lithology Rocks
51%
P Phytology Plants
39%
I Ichthyology Fish
38%
D Dendrology Trees
35%
S Selenology Moon
32%
X Xylology Wood
20%
A Areology Mars
14%
K Kymatology Waves
11%
No matching quizzes found
Score Distribution
Percent of People with Each Score
Percentile by Number Answered
Your Score History
You have not taken this quiz